| 000 | 00514cam a22001697a 4500 | ||
|---|---|---|---|
| 008 | 180718b2006 xxu||||| |||| 00| 0 eng d | ||
| 020 | _a8177081128 | ||
| 082 | _aR1x54 J51 | ||
| 245 |
_aIndia: manpower, employment policy and labour welfare 1947 to 2007 _cedited by K. Narindar Jetli |
||
| 260 |
_aNew Delhi _bNew Century _c2006 |
||
| 300 | _a507p. | ||
| 650 | _aLabour reforms | ||
| 650 | _aIndustrial relations | ||
| 650 | _aManpower planning | ||
| 650 | _aEmployment policies | ||
| 700 | _aJetli, K. Narindar | ||
| 999 |
_c407335 _d407335 |
||